LEADER 01093nam a2200265 4500 001 000000349180 003 CaOOAMICUS 005 20220120124016.0 008 220120s2020 it 000 u ita r 020 $a978-88-922241-9-3 040 $aSeMil$bita 100 1 $aCrippa, Luca.$0(OLS)http://semarc/name/48519 245 10$aMartin Lutero :$bla passione per la Parola /$cLuca Crippa. 264 1$aCinisello Balsamo :$bSan Paolo,$c2020. 300 $a154 p. ;$c20 cm 490 1 $aEretici o profeti ;$v3 600 14$aLutero, Martin <1483-1546>.$0(OLS)http://semarc/subject/3365 830 0$aEretici o profeti ;$v3.$0(OLS)http://semarc/title/438713 850 $aSeMil 852 $aSeMil$W1$xVenegono$y1$m3B I 32$j231597$B240247$CSeMilBibl$Z2$F240247 $81 961 $aPerego don Stefano - Omaggio 996 $6020$a978-88-922241-9-3$9(OLS)http://semarc/number/295102 996 $6245$aMartin Lutero :$bla passione per la Parola$9(OLS)http://semarc/title/438712 996 $6264$aCinisello Balsamo :$bSan Paolo$9(OLS)http://semarc/publisher/30129 LEADER 00982nam a2200217 i 4500 001 000000009329 003 CaOOAMICUS 005 20260408112412.0 008 180830s2010 it u000 u ita u 040 $aSeMil$bita 245 10$aGrande dizionario analogico della lingua italiana /$cprogettato e diretto da Raffaele Simone. 264 1$aTorino :$bUTET,$c2010. 300 $a2 v. ;$c31 cm +$e2 Cd 650 4$aLingua italiana - Dizionari, vocabolari, glossari, etc.$0(OLS)http://semarc/subject/705 700 1 $aSimone, Raffaele.$0(OLS)http://semarc/name/4601 774 0 $t1: A-P.$z978-88-02-08234-9$gVol.1$w()190337 774 0 $t2: Q-Z . Indice.$z978-88-02-08236-3$gVol.2$w()191711 774 0 $tGrande dizionario analogico della lingua italiana.$dTorino : UTET, 2010.$w()9235 996 $6245$aGrande dizionario analogico della lingua italiana$9(OLS)http://semarc/title/12199 996 $6264$aTorino :$bUTET$9(OLS)http://semarc/publisher/29621